ARRUPE JESUIT UNIVERSITY

CORONAVIRUS -STOP THE SPREAD - CLEAN,DISINFECT,COVER

The theology of Jonathan Edwards : (Record no. 119903)

MARC details
000 -LEADER
fixed length control field 00891cam a22003131 4500
001 - CONTROL NUMBER
control field 727103
003 - CONTROL NUMBER IDENTIFIER
control field ARRUPE
005 - DATE AND TIME OF LATEST TRANSACTION
control field 20140204132058.0
008 - FIXED-LENGTH DATA ELEMENTS--GENERAL INFORMATION
fixed length control field 890407s1966 nyu b 001 0beng
010 ## - LIBRARY OF CONGRESS CONTROL NUMBER
LC control number 66024336//r84
020 ## - INTERNATIONAL STANDARD BOOK NUMBER
Terms of availability $1.25 (pbk.)
035 ## - SYSTEM CONTROL NUMBER
System control number (OCoLC)386661
035 ## - SYSTEM CONTROL NUMBER
System control number (OCoLC)ocm00386661
035 ## - SYSTEM CONTROL NUMBER
System control number (CStRLIN)NYCG89-B26249
035 ## - SYSTEM CONTROL NUMBER
System control number (NNC)727103
040 ## - CATALOGING SOURCE
Modifying agency CHA
Transcribing agency hjnyg
050 0# - LIBRARY OF CONGRESS CALL NUMBER
Classification number BX7260.E3
Item number C5
082 ## - DEWEY DECIMAL CLASSIFICATION NUMBER
Classification number 230.0924
090 ## - LOCALLY ASSIGNED LC-TYPE CALL NUMBER (OCLC); LOCAL CALL NUMBER (OCLC)
Classification number (OCLC) (R) ; Classification number, CALL (RLIN) (NR) BX7260.E3
Local cutter number (OCLC) ; Book number/undivided call number, CALL (RLIN) C5
300 ## - PHYSICAL DESCRIPTION
Dimensions 18 cm.
100 1# - MAIN ENTRY--PERSONAL NAME
Personal name Cherry, Conrad,
Dates associated with a name 1937-
9 (RLIN) 7799
245 14 - TITLE STATEMENT
Title The theology of Jonathan Edwards :
Remainder of title a reappraisal /
Statement of responsibility, etc Conrad Cherry.
260 ## - PUBLICATION, DISTRIBUTION, ETC. (IMPRINT)
Place of publication, distribution, etc Garden City, N.Y. :
Name of publisher, distributor, etc Anchor Books,
Date of publication, distribution, etc 1966.
300 ## - PHYSICAL DESCRIPTION
Extent viii, 270 p. ;
500 ## - GENERAL NOTE
General note Includes index.
504 ## - BIBLIOGRAPHY, ETC. NOTE
Bibliography, etc Bibliography: p. [250]-260.
600 10 - SUBJECT ADDED ENTRY--PERSONAL NAME
Personal name Edwards, Jonathan,
Dates associated with a name 1703-1758.
9 (RLIN) 7800
942 ## - ADDED ENTRY ELEMENTS (KOHA)
Source of classification or shelving scheme Library of Congress Classification
Koha item type Monograph ( Printed materials)
Holdings
Withdrawn status Lost status Source of classification or shelving scheme Damaged status Not for loan Collection code Home library Current library Shelving location Date acquired Total Checkouts Full call number Barcode Date last seen Price effective from Koha item type
    Library of Congress Classification     Main Collection ARRUPE LIBRARY ARRUPE LIBRARY Main Collection 04/02/2014   BX7260.E3 C5 46411951 22/11/2017 04/02/2014 Monograph ( Printed materials)

 

Arrupe Library. PO Box MP320 Mt Pleasant, Harare, Zimbabwe
263 242 745411|librarian@aju.ac.zw